| 000 | 01776cam a22004094a 4500 | ||
|---|---|---|---|
| 001 | muse84978 | ||
| 003 | MdBmJHUP | ||
| 005 | 20210127151654.0 | ||
| 006 | m o d | ||
| 007 | cr||||||||nn|n | ||
| 008 | 050831s2002 sp o 00 0 spa d | ||
| 020 | _a9788495078094 | ||
| 020 | _z8495078090 | ||
| 035 | _a(OCoLC)1151465021 | ||
| 040 |
_aMdBmJHUP _cMdBmJHUP |
||
| 245 | 1 | 4 |
_aLos refugiados espaƱoles y la cultura mexicana _bactas de las terceras jornadas (dedicadas a Emilio Prados) / _cFrancisco Chica ... [et al.]. |
| 264 | 1 | _bAmigos de la Residencia de estudiantes, | |
| 264 | 3 | _bProject MUSE, | |
| 300 | _a1 online resource (1 vol. 148 p.) | ||
| 490 | 0 |
_aPublicaciones de la Residencia de estudiantes ; _v3 |
|
| 500 | _aNotes bibliogr. | ||
| 506 | 0 |
_aOpen Access _fUnrestricted online access _2star |
|
| 588 | _aDescription based on print version record. | ||
| 600 | 1 | 1 |
_aPrados, Emilio, _d1899-1962. _2ram _0(FrPBN)12059958 |
| 650 | 0 |
_aEspagnols _zMexique _0(FrPBN)11933785 _xVie intellectuelle _0(FrPBN)11975995 _y20e siecle _0(FrPBN)12061148 _xCongres. _2ram _0(FrPBN)11936374 _0(FrPBN)11932500 |
|
| 651 | 0 |
_aMexique _xVie intellectuelle _y20e siecle _xCongres. _2ram _0(FrPBN)12118572 _0(FrPBN)12061148 |
|
| 651 | 0 |
_aEspagne _y1936-1939 (Guerre civile) _xRefugies _0(FrPBN)12061148 _xCongres. _2ram _0(FrPBN)11936368 _0(FrPBN)13318513 |
|
| 655 | 7 |
_aElectronic books. _2local |
|
| 700 | 1 |
_aPrados, Emilio. _4hnr |
|
| 710 | 2 |
_aProject Muse. _edistributor |
|
| 830 | 0 | _aBook collections on Project MUSE. | |
| 856 | 4 | 0 |
_zFull text available: _uhttps://muse.jhu.edu/book/74813/ |
| 999 |
_c26618 _d26618 |
||